000 00799nam a2200205 i 4500
001 180384
003 ES-MaACL
005 20230906221059.0
008 120530s1977 sp |||| | spa d
080 _a577.15:616.36-078(043.2)
080 _a616.36-078:577.15(043.2)
100 1 _aCosta Roma, Juan.
_941116
245 1 0 _aGamma glutamil transpeptidasa y glutamato de hidrogenasa en neoplasias y otros procesos hepáticos /
_cpor Juan Costa Roma.
260 _aBarcelona :
_bUniversidad, Secretariado de Publicaciones Intercambio Científico y Extensión Universitaria,
_c1977.
300 _a[20 p.] ;
_c25 cm.
502 _aTesis-Universidad Barcelona (Extracto)
650 4 _aEnzimología clínica.
_9147006
710 2 _aUniversidad de Barcelona.
_97141
852 _aES-MaACL
_jE-15361(209)
999 _c180384
_d180384